000 00456nam a2200181Ia 4500
001 20790
005 20260306172831.0
008 260306t2022||||xx |||||||||||||| ||spa||
041 _aESP
082 _a343.8
_bB45
100 _aBernal Rojas, Josué Alfredo
_eAUT
245 0 _aManual práctico del impuesto a la renta 2021-2022
260 _c2022
300 _a911 páginas :
_c25 cm.
650 _aGEN
654 _aCCO
942 _cLIB
_dJUS
_fJUS
_2ddc
_n
999 _c20790
_d20790